000 00812nam a22002657a 4500
003 PE SENCICO BE
005 20251020182627.0
008 230221b |||||||| |||| 00| 0 eng d
020 _a978-987-584-343-1
040 _aPE SENCICO BE
_cPE SENCICO BE
041 _aspa
082 _a720.01
_bR72
100 1 _9669
_aRoca, Miguel Ángel
_eautor
245 1 _aLouis Kahn, arquetipos y modernidad /
_cMiguel Angel Roca
250 _a1a ed.
260 _aBuenos Aires :
_bNobuko,
_c2009
300 _a207 p. :
_bil., fotog.
_c20 cm.
600 1 0 _9672
_aKahn, Louis Isadore
650 1 4 _9670
_aTeoría de la arquitectura
650 2 4 _9671
_aModernismo
650 2 4 _9191
_aArquitectura moderna
650 2 4 _9282
_aArquitectos
910 _bhfp
_chfp
942 _2ddc
_cLIB
_h720.01
_iR72
999 _c3845
_d3845